Hướng dẫn sử dụng Word 97

Wedi'i Gadw mewn:
Manylion Llyfryddiaeth
Prif Awdur: Trần, Văn Minh
Fformat: Llyfr
Iaith:Undetermined
Cyhoeddwyd: Hà Nội Thống Kê 1999
Pynciau:
Tagiau: Ychwanegu Tag
Dim Tagiau, Byddwch y cyntaf i dagio'r cofnod hwn!
Thư viện lưu trữ: Trung tâm Học liệu Trường Đại học Cần Thơ
LEADER 00553nam a2200193Ia 4500
001 CTU_37198
008 210402s9999 xx 000 0 und d
020 |b 28.000đ 
082 |a 005.437 
082 |b M312 
100 |a Trần, Văn Minh 
245 0 |a Hướng dẫn sử dụng Word 97 
245 0 |c Trần Văn Minh, Hải Yến 
260 |a Hà Nội 
260 |b Thống Kê 
260 |c 1999 
650 |a Word ( computer program language ) 
904 |i Minh 
980 |a Trung tâm Học liệu Trường Đại học Cần Thơ